مكتبة جامعة عجلون الوطنية

فهرس بحث المكتبة

Normal view MARC view
  • الاقتصاد الكلي-التحليل الاقتصادي-السياسة الاقتصادية

Entry Topical Term

Number of records used in: 1

001 - CONTROL NUMBER

  • control field: 63034

003 - CONTROL NUMBER IDENTIFIER

  • control field: JO-AjAnu

005 - DATE AND TIME OF LATEST TRANSACTION

  • control field: 20230606084306.0

008 - FIXED-LENGTH DATA ELEMENTS

  • fixed length control field: 230606|| aca||aabn | a|a d

040 ## - CATALOGING SOURCE

  • Original cataloging agency: JO-AjAnu
  • Transcribing agency: JO-AjAnu

150 ## - HEADING--TOPICAL TERM

  • Topical term or geographic name entry element: الاقتصاد الكلي-التحليل الاقتصادي-السياسة الاقتصادية

670 ## - SOURCE DATA FOUND

  • Source citation: Work cat.: (JO-AjAnu)32139: شاهين، محمد عبدالله, author 63033, الاقتصاد الكلي وتطبيقاته